00622nam a2200169 a 450000100100000000500170001000800410002704000240006808200160009211000850010824500640019326000340025730000210029104900090031295201140032199900170043500002981120250502073820.0090907s1999 dr 000 0 spa d aDO-SdBNPbspacBNPH axxxxbR426i1 aRepública Dominicana.bOficina Nacional de Administración y Personal 92639810aInstructivo de incorporación a la carrera administrativa. aSanto Domingo :aONAP,c1999. a67 p. ;c22 cm . aBNPD 0010718PDaPDbPDcHDd2011-04-26iLF1l0oxxxx R426ip29811-10r2020-06-25w2020-06-25yLFPDZNo se presta c29303d29303